| 000 | 00628nam a2200181Ia 4500 | ||
|---|---|---|---|
| 008 | 151018s9999 xx 000 0 und d | ||
| 082 |
_bRBASDV61767 _a891.434 |
||
| 100 | _aनीलमणी शर्मा | ||
| 245 | _aआर्य भारत का संघर्ष | ||
| 250 | _b1 | ||
| 260 |
_bसंजीव प्रकाशन _c2010 |
||
| 300 | _a302 | ||
| 600 | _aनीलमणी शर्मा | ||
| 630 | _aआर्य भारत का संघर्ष | ||
| 700 | _aनीलमणी शर्मा | ||
| 730 | _aआर्य भारत का संघर्ष | ||
| 942 | _cBOOK | ||
| 999 |
_c1055016 _d1055013 |
||